Managing change at work: Leading people through organizatioal transitions (Record no. 441893)

000 -LEADER
fixed length control field 00511cam a22001457a 4500
008 - FIXED-LENGTH DATA ELEMENTS--GENERAL INFORMATION
fixed length control field 180718b1995 xxu||||| |||| 00| 0 eng d
082 ## - DEWEY DECIMAL CLASSIFICATION NUMBER
Classification number I513 Sco83
100 ## - MAIN ENTRY--PERSONAL NAME
Personal name Scott, Chntha D. & Jaffe, Dennis T.
245 ## - TITLE STATEMENT
Title Managing change at work: Leading people through organizatioal transitions
Statement of responsibility, etc. by Chntha D.Scott & Dennis T. Jaffe
260 ## - PUBLICATION, DISTRIBUTION, ETC.
Place of publication, distribution, etc. California
Name of publisher, distributor, etc. Crisp publications
Date of publication, distribution, etc. 1995
300 ## - PHYSICAL DESCRIPTION
Extent 82p.
440 ## - SERIES STATEMENT/ADDED ENTRY--TITLE
Title A fifty minutetm series book
650 ## - SUBJECT ADDED ENTRY--TOPICAL TERM
Topical term or geographic name entry element Organizational change -- Management
700 ## - ADDED ENTRY--PERSONAL NAME
Personal name Rev. ed.

No items available.

Powered by Koha